Railway Stations in Great Britain Starting with C - Statistics

General Stats
  • This quiz has been taken 132 times
    66 since last reset
  • The average score is 69 of 231
Answer Stats
County Passengers (2024/2025) Station % Correct
Cardiff 12,513,720 Cardiff Central
95%
Cambridgeshire 10,597,572 Cambridge
86%
Cheshire 5,271,572 Chester
86%
Essex 7,030,130 Chelmsford
77%
North Yorkshire 9,690 Clapham
77%
Greater London 24,447,510 Clapham Junction
77%
Essex 3,648,216 Colchester
77%
Kent 1,170,446 Canterbury East
73%
Kent 2,723,706 Canterbury West
73%
Derbyshire 1,820,668 Chesterfield
73%
West Sussex 2,687,308 Chichester
73%
Lancashire 716,034 Chorley
73%
West Midlands 6,826,768 Coventry
73%
Caerphilly 623,058 Caerphilly
68%
Cardiff 2,010,584 Cardiff Queen Street
68%
Kent 2,397,976 Chatham
68%
Cheshire 3,389,590 Crewe
68%
North Lanarkshire 1,402,586 Croy
68%
Cumbria 2,316,310 Carlisle
64%
Kent 94,218 Charing
64%
Gloucestershire 2,418,292 Cheltenham Spa
64%
Carmarthenshire 439,846 Carmarthen
59%
Dorset 484,080 Christchurch
59%
Essex 836,512 Clacton-on-Sea
59%
West Sussex 1,370,856 Crawley
59%
Cardiff 755,714 Cardiff Bay
55%
Glasgow City 1,562,948 Charing Cross
55%
Greater London 2,036,058 Chingford
55%
Conwy 83,682 Conwy
55%
Northamptonshire 561,182 Corby
55%
Cambridgeshire 1,459,946 Cambridge North
50%
West Yorkshire 487,384 Castleford
50%
Greater Manchester 141,112 Castleton
50%
Greater London 777,398 Catford
50%
Greater London 1,269,452 Charlton
50%
Hertfordshire 2,547,310 Cheshunt
50%
Greater London 488,812 Chessington North
50%
Greater London 344,218 Chessington South
50%
Greater London 2,130,232 Clapton
50%
Lancashire 82,154 Colne
50%
Cornwall 372,746 Camborne
45%
Greater London 15,927,588 Canary Wharf
45%
Somerset 354,740 Castle Cary
45%
Wiltshire 1,713,674 Chippenham
45%
Hertfordshire 493,600 Chorleywood
45%
North Yorkshire 159,050 Church Fenton
45%
City of London 7,635,634 City Thameslink
45%
Greater London 1,383,296 Clapham High Street
45%
Surrey 364,372 Camberley
41%
Greater London 1,050,568 Cambridge Heath
41%
Greater London 4,330,314 Camden Road
41%
Greater London 18,668,762 Canada Water
41%
South Lanarkshire 31,886 Carstairs
41%
Cardiff 933,746 Cathays
41%
South Yorkshire 382,952 Chapeltown
41%
Greater London 932,574 Cheam
41%
Monmouthshire 239,434 Chepstow
41%
Shropshire 123,462 Church Stretton
41%
Lincolnshire 307,184 Cleethorpes
41%
Hampshire 895,766 Cosham
41%
Greater London 1,086,958 Crayford
41%
Somerset 177,884 Crewkerne
41%
Greater London 859,464 Cricklewood
41%
Greater London 2,781,506 Crystal Palace
41%
North Lanarkshire 187,882 Cumbernauld
41%
Greater London 1,566,788 Caledonian Road and Barnsbury
36%
Staffordshire 329,244 Cannock
36%
Greater London 2,834,562 Canonbury
36%
Lancashire 196,102 Carnforth
36%
Greater London 1,139,060 Carshalton
36%
Surrey 584,834 Caterham
36%
Greater London 2,512,134 Catford Bridge
36%
Surrey 638,340 Chertsey
36%
Wrexham 106,900 Chirk
36%
Greater Manchester 1,102 Clifton
36%
Lancashire 264,536 Clitheroe
36%
Essex 1,012,034 Colchester Town
36%
Greater London 1,959,570 Coulsdon South
36%
Devon 187,194 Crediton
36%
Norfolk 249,402 Cromer
36%
South Lanarkshire 831,150 Cambuslang
32%
Greater London 4,874,090 Chadwell Heath
32%
Buckinghamshire 780,010 Chalfont and Latimer
32%
Devon 160 Chapelton
32%
County Durham 232,324 Chester-le-Street
32%
Surrey 87,736 Chipstead
32%
Greater London 1,012,880 Chislehurst
32%
City of Bristol 817,690 Clifton Down
32%
North Lanarkshire 45,164 Coatbridge Central
32%
Oxfordshire 1,326 Combe
32%
Northumberland 77,068 Corbridge
32%
Kent 48,136 Cowden
32%
Fife 121,674 Cowdenbeath
32%
Caerphilly 91,558 Crosskeys
32%
Oxfordshire 113,542 Culham
32%
Greater London 9,794,628 Custom House
32%
Torfaen 431,856 Cwmbran
32%
Gloucestershire 239,284 Cam and Dursley
27%
Cornwall 276,938 Carbis Bay
27%
South Lanarkshire 292,568 Carluke
27%
Greater London 112,884 Castle Bar Park
27%
Oxfordshire 343,240 Charlbury
27%
Kent 102,986 Chartham
27%
Greater London 593,350 Chelsfield
27%
Derbyshire 128,746 Chinley
27%
Greater London 707,048 Chiswick
27%
Oxfordshire 275,420 Cholsey
27%
West Sussex 168,878 Christs Hospital
27%
West Dunbartonshire 304,952 Clydebank
27%
Staffordshire 135,854 Codsall
27%
Conwy 357,852 Colwyn Bay
27%
East Riding of Yorkshire 318,072 Cottingham
27%
Greater London 97,562 Coulsdon Town
27%
Stirling 16,156 Crianlarich
27%
Greater London 699,392 Crofton Park
27%
East Sussex 254,886 Crowborough
27%
Monmouthshire 87,972 Caldicot
23%
Falkirk 165,762 Camelon
23%
Nottinghamshire 52,580 Carlton
23%
Angus 137,292 Carnoustie
23%
Greater London 786,788 Carshalton Beeches
23%
Essex 2,317,972 Chafford Hundred Lakeside
23%
Greater Manchester 650,726 Cheadle Hulme
23%
Dorset 2,638 Chetnole
23%
Kent 66,206 Chilham
23%
Greater London 1,067,284 Clock House
23%
North Lanarkshire 472,270 Coatbridge Sunnyside
23%
Cheshire 323,770 Congleton
23%
Cornwall 224 Coombe Junction Halt
23%
Shropshire 82,350 Cosford
23%
West Midlands 135,028 Coventry Arena
23%
West Midlands 719,310 Cradley Heath
23%
Northumberland 183,856 Cramlington
23%
Greater London 119,492 Crews Hill
23%
Berkshire 248,220 Crowthorne
23%
Hertfordshire 662,862 Cuffley
23%
Kent 60,952 Cuxton
23%
Vale of Glamorgan 322,908 Cadoxton
18%
Powys 69,134 Caersws
18%
Cornwall 38,968 Calstock
18%
Norfolk 20,390 Cantley
18%
Glasgow City 129,922 Carmyle
18%
Hertfordshire 1,224,684 Carpenders Park
18%
Highland 7,020 Carrbridge
18%
North Yorkshire 6,668 Castleton Moor
18%
Glasgow City 544,872 Cathcart
18%
Derbyshire 77,786 Chapel-en-le-Frith
18%
Northumberland 1,580 Chathill
18%
Buckinghamshire 83,010 Cheddington
18%
West Midlands 658,658 Chester Road
18%
Powys 1,066 Cilmeri
18%
Surrey 165,566 Clandon
18%
Pembrokeshire 7,670 Clarbeston Road
18%
Surrey 508,614 Cobham and Stoke D'abernon
18%
Warwickshire 205,662 Coleshill Parkway
18%
Highland 20,500 Corrour
18%
Cardiff 76,514 Coryton
18%
Derbyshire 49,680 Cromford
18%
West Yorkshire 442,214 Crossflatts
18%
Glasgow City 710,384 Crossmyloof
18%
Greater London 901,274 Crouch Hill
18%
Lincolnshire 14,622 Crowle
18%
Rhondda Cynon Taf 49,736 Cwmbach
18%
Flintshire 14,738 Caergwrle
14%
North Lanarkshire 73,754 Caldercruix
14%
Fife 45,796 Cameron Bridge
14%
West Midlands 453,276 Canley
14%
Argyll and Bute 156,448 Cardross
14%
North Lanarkshire 118,882 Carfin
14%
North Yorkshire 103,416 Cattal
14%
Cornwall 2,108 Causeland
14%
Flintshire 8,550 Cefn-Y-Bedd
14%
Essex 1,286,264 Chalkwell
14%
Hampshire 157,796 Chandlers Ford
14%
Essex 32,962 Chappel and Wakes Colne
14%
Kent 107,718 Chestfield and Swalecliffe
14%
Surrey 27,352 Chilworth
14%
Warwickshire 7,820 Claverdon
14%
Surrey 516,838 Claygate
14%
Pembrokeshire 22,754 Clunderwen
14%
North Lanarkshire 236,050 Coatdyke
14%
East Sussex 182,218 Collington
14%
Herefordshire 63,456 Colwall
14%
South Yorkshire 96,416 Conisbrough
14%
North Yorkshire 182,966 Cononley
14%
East Sussex 131,188 Cooden Beach
14%
Berkshire 204,462 Cookham
14%
Devon 41,732 Copplestone
14%
West Midlands 519,672 Coseley
14%
West Yorkshire 52,858 Cottingley
14%
Devon 120,374 Cranbrook
14%
Shropshire 99,908 Craven Arms
14%
Essex 51,142 Cressing
14%
Derbyshire 40,768 Creswell
14%
Gwynedd 36,588 Criccieth
14%
West Yorkshire 474,490 Cross Gates
14%
Glasgow City 297,828 Crosshill
14%
East Sussex 45,154 Crowhurst
14%
Fife 196,056 Cupar
14%
Carmarthenshire 1,188 Cynghordy
14%
Fife 43,222 Cardenden
9%
Glasgow City 222,856 Cardonald
9%
Cumbria 93,858 Cark and Cartmel
9%
Glasgow City 383,786 Carntyne
9%
Cheshire 46,262 Chelford
9%
Lancashire 33,742 Cherry Tree
9%
North Lanarkshire 107,380 Cleland
9%
Vale of Glamorgan 308,096 Cogan
9%
Nottinghamshire 141,448 Collingham
9%
Argyll and Bute 18,594 Connel Ferry
9%
Highland 11,716 Conon Bridge
9%
East Sussex 91,322 Cooksbridge
9%
Cumbria 65,558 Corkickle
9%
Highland 3,776 Corpach
9%
Argyll and Bute 163,838 Craigendoran
9%
Glasgow City 215,558 Croftfoot
9%
Highland 318 Culrain
9%
Cheshire 206,002 Capenhurst
5%
Inverclyde 99,116 Cartsdyke
5%
South Lanarkshire 76,190 Chatelherault
5%
Lancashire 59,450 Church and Oswaldtwistle
5%
East Renfrewshire 320,542 Clarkston
5%
North Yorkshire 2,120 Commondale
5%
Merseyside 630,102 Conway Park
5%
Glasgow City 209,532 Corkerhill
5%
Merseyside 530,514 Cressington
5%
Glasgow City 184,128 Crookston
5%
Lancashire 56,382 Croston
5%
City of Edinburgh 124,218 Curriehill
5%
Greater Manchester 42,472 Chassen Road
0%
Cheshire 83,840 Cuddington
0%
No matching quizzes found
Score Distribution
Percent of People with Each Score
Percentile by Number Answered
Your Score History
You have not taken this quiz since the last reset